NATURE on your door step

Bibliographic Details
Format: Book
Published: Herts : Simon & Schuster , 1990
Subjects:

MARC

LEADER 00000cam a2200000 7i4500
001 0000001159
002 000001279
005 20000330.0
020 |a 0748101543 
090 0 0 |a 508   |b NAT 
245 0 0 |a NATURE on your door step 
260 |a Herts :   |b Simon & Schuster ,   |c 1990 
650 0 0 |a Nature study 
999 |a 030287   |b BUKU   |c PINJAMAN   |e PERPUSTAKAAN KOMUNITI PETALING JAYA 
999 |a 030288   |b BUKU   |c PINJAMAN   |e PERPUSTAKAAN KOMUNITI PETALING JAYA